Statistiken für Champions League Topscorer 2019/20

Klicken Sie hier um das Quiz zu spielen!

Allgemein

  • Dieses Quiz wurde 65 mal gespielt
  • Das Durchschnittsergebnis liegt bei 12 aus 15

Antwortstatistiken

RangNationVereinToreAntwort% Korrekt
2NorwegenBVB10Erling Haaland
100%
4EnglandTottenham Hotspur6Harry Kane
93%
9FrankreichReal Madrid5Karim Benzema
92%
9UruguayBarcelona5Luis Suarez
92%
9SüdkoreaTottenham Hotspur5Heung-min Son
90%
9FrankreichParis Saint-Germain5Kylian Mbappe
90%
3DeutschlandBayern München9Serge Gnabry
88%
9ArgentinienInter5Lautaro Martinez
87%
4NiederlandeOL Lyon6Memphis Depay
80%
4BelgienSSC Napoli6Dries Mertens
78%
4EnglandManchester City6Raheem Sterling
73%
4BrasilienManchester City6Gabriel Jesus
68%
1PolenBayern München15Robert Lewandowski
58%
9SlowenienAtalanta5Josip Ilicic
48%
9ArgentinienParis Saint-Germain5Mauro Icardi
12%

Verteilung der Resultate

Perzentil nach korrekt beantworteten Fragen

Anzahl Personen mit jedem Resultat

Ihre Resultats-Entwicklung

Sie haben dieses Quiz noch nicht gespielt